Portes-paroles de Québec solidaire - Statistiques

Statistiques générales
  • Ce quiz a été pris 11 fois
  • Le résultat moyen est 6 sur 8
Statistiques - réponses
Hint Réponse % Correct
2016-2023 Manon Massé
100%
2016-2024 Gabriel Nadeau-Dubois
90%
2025- Aujourd'hui Sol Zanetti
80%
2006-2016 Françoise David
70%
2025- Aujourd'hui Ruba Ghazal
70%
2006-2012 Amir Khadir
60%
2024 Émilise Lessard-Therrien
50%
2012-2016 Andrés Fontecilla
40%
Aucun quiz correspondant
Distribution des résultats
% des personnes avec chaque résultat
Percentile par nombre de réponses
Votre historique - résultats
Vous n’avez pas pris ce quiz